000 00428nam a2200157Ia 4500
008 230718s9999 xx 000 0 und d
041 _aeng
082 _a005.74
_bKRI
100 _aKrishna S.J. (Editor)
245 _aData Warehousing
_bDesign And Development Perspectives
260 _c2004
_bICFAI Books
300 _a196
365 _cRs.
_b350.00
700 _aKrishna S.J. (Editor)
906 _d12/4/06/IPRESS/2006
_cIT
999 _c313489
_d313489